Геотектоническая теория саморазвития материи Земли; Известия Академии наук СССР. Серия геологическая; № 1

Dades bibliogràfiques
Parent link:Известия Академии наук СССР. Серия геологическая: научный журнал/ Академия наук СССР (АН СССР).— , 1936-1992
№ 1.— 1940.— С. 3-11
Autor principal: Усов М. А. Михаил Антонович
Idioma:rus
Publicat: 1940
Matèries:
Format: MixedMaterials Capítol de llibre
KOHA link:https://koha.lib.tpu.ru/cgi-bin/koha/opac-detail.pl?biblionumber=586610

MARC

LEADER 00000naa2a2200000 4500
001 586610
005 20231101131416.0
035 |a (RuTPU)RU\TPU\prd\289165 
035 |a RU\TPU\tpu\2891 
090 |a 586610 
100 |a 20210910d1940 k y0rusy50 ca 
101 0 |a rus 
102 |a RU 
200 1 |a Геотектоническая теория саморазвития материи Земли  |f М. А. Усов 
461 |0 (RuTPU)RU\TPU\prd\129  |t Известия Академии наук СССР. Серия геологическая  |o научный журнал  |f Академия наук СССР (АН СССР)  |d 1936-1992 
463 |0 (RuTPU)RU\TPU\prd\289164  |t № 1  |v С. 3-11  |d 1940 
610 1 |a геолого-географические науки 
610 1 |a труды учёных ТПУ 
700 1 |a Усов  |b М. А.  |c российский геолог  |c профессор Томского технологического института  |f 1883-1939  |g Михаил Антонович  |2 stltpush  |3 (RuTPU)RU\TPU\pers\1941 
801 0 |a RU  |b 63413507  |c 20011210  |g PSBO 
801 2 |a RU  |b 63413507  |c 20210910  |g PSBO 
942 |c BK